000 00618nam a2200241Ia 4500
003 OSt
005 20220928135948.0
006 a|||||r|||| 00| 0
007 ta
008 220927b |||||||| |||| 00| 0 eng d
024 _a5749
037 _cTextual
040 _aSDCL
_cSDCL
_beng
041 _2eng
_aeng
082 _aB13, N0
100 _aIreland Kenneth
_9493362
245 0 _aClassical introducation to modern number theory
250 _a2
260 _c1990
700 _a Rosen Michael
_9411922
942 _hB13, N0
_cTEXL
_2CC
999 _c809173
_d809173